00505nam a2200193 a 4500001001300000003000900013005001700022008004100039020001000080082001300090100002200103245006000125260003700185300000900222500003500231505001000266650001300276700002200289nice12345678IN_TiNIC20260116011334.0050524s1953 newa grp 000 0 eng  ac10000a266bRAN aRanson, Charles W aThat the World May Knowb a Call to Missions and Unity. aNew YorkbFriendship Pressc1953 a166p aincludes index and biblioraphy2 aIndex aMissions1 aRanson, Charles W